000 00491nam a2200169Ia 4500
999 _c27926
_d27926
003 OSt
005 20201217154935.0
008 190216s9999||||xx |||||||||||||| ||und||
040 _coclc
082 _a894.812
_bKAR/T
100 _aKarassery, M N
_91986
245 0 _aTharathamya Sahitya Chinta /
_cM N Karassery
260 _bCalicut University Publications,
_aCalicut:
300 _a160p
650 _aSahithyam
942 _cBK
_2ddc
_h894.812
_iKAR/T
_k894.812
_mKAR/T